00546nam a22001697a 450000500170000000800410001702000180005804000210007604100080009708200190010510000290012424500880015325000120024126000380025330000130029165000720030420221029121054.0221029b ||||| |||| 00| 0 eng d a9788120288676 aIN-DiNCcIN-DiNC dasm a398.09145bADH aAdhikari, Sukdeveauthor aChah janagosthir lokageet, loka parampara aru utsavar ruprekha/cby Sukdev Adhikari a1st ed. aGuwahati:bDN publication,c2015. ax, 360p. aFolk song, folk tradition and festivals of tea-communities of Assam